Compilers (Record no. 8393)

MARC details
000 -LEADER
campo de control de longitud fija 00736nam a2200229 i 4500
001 - NÚMERO DE CONTROL
campo de control 8393
003 - IDENTIFICADOR DE NÚMERO DE CONTROL
campo de control ES-MaACL
005 - FECHA Y HORA DE LA ÚLTIMA TRANSACCIÓN
campo de control 20230906145440.0
007 - CAMPO FIJO DE DESCRIPCIÓN FÍSICA--INFORMACIÓN GENERAL
campo de control de longitud fija t|
008 - DATOS DE LONGITUD FIJA--INFORMACIÓN GENERAL
campo de control de longitud fija 920615s1986 xxu ||||1| eng d
020 ## - NÚMERO INTERNACIONAL ESTÁNDAR DEL LIBRO
Número Internacional Estándar del Libro 0-201-10194-7
080 ## - NÚMERO DE LA CLASIFICACIÓN DECIMAL UNIVERSAL
Número de la Clasificación Decimal Universal 621-52
100 1# - ENTRADA PRINCIPAL--NOMBRE DE PERSONA
Nombre de persona Aho, Alfred V.
9 (RLIN) 18948
245 10 - MENCIÓN DEL TÍTULO
Título Compilers
Resto del título : principles, techniques, and tools /
Mención de responsabilidad, etc. Alfred V. Aho, Ravi Sethi, Jeffrey D. Ullman.
260 ## - PUBLICACIÓN, DISTRIBUCIÓN, ETC.
Lugar de publicación, distribución, etc. Reading, Massachusetts [etc.] :
Nombre del editor, distribuidor, etc. Addison-Wesley Publishing,
Fecha de publicación, distribución, etc. cop. 1986.
300 ## - DESCRIPCIÓN FÍSICA
Extensión X, 796 p. ;
Dimensiones 22 cm.
504 ## - NOTA DE BIBLIOGRAFÍA, ETC.
Nota de bibliografía, etc. Bibliogr. p.: 752-779.
650 14 - PUNTO DE ACCESO ADICIONAL DE MATERIA--TÉRMINO DE MATERIA
Término de materia o nombre geográfico como elemento de entrada Informática-
Subdivisión general Compilación.
9 (RLIN) 13760
700 1# - ENTRADA AGREGADA--NOMBRE PERSONAL
Nombre de persona Sethi, Ravi.
9 (RLIN) 105896
700 1# - ENTRADA AGREGADA--NOMBRE PERSONAL
Nombre de persona Ullman, Jeffrey D.
9 (RLIN) 111930
852 ## - LOCALIZACIÓN
Ubicación ES-MaACL
Número de control de estantería L-13903
Sublocalización o colección R.120107
Holdings
Estatus retirado Estado de pérdida Estado de daño No para préstamo Biblioteca de origen Biblioteca actual Ubicación en estantería Fecha de adquisición Fuente de adquisición Total de préstamos Signatura topográfica completa Código de barras Visto por última vez Precio de reemplazo Tipo de ítem Koha
        Biblioteca del Ateneo de Madrid Biblioteca del Ateneo de Madrid Depósito 2 17/01/2008     L-13903 1008570 23/02/2023 23/02/2023 Libro impreso